All the Metro Systems in the World - Statistics

General Stats
  • This quiz has been taken 2,567 times
    476 since last reset
  • The average score is 142 of 214
Answer Stats
Year Opened Country Answer % Correct
1976 Belgium Brussels
96%
1976 Austria Vienna
96%
1969 China Beijing
95%
1902 Germany Berlin
95%
1913 Argentina Buenos Aires
95%
1979 Hong Kong Hong Kong
95%
1984 Belarus Minsk
95%
1900 France Paris
95%
1979 Brazil Rio de Janeiro
95%
2019 Australia Sydney
95%
1935 Russia Moscow
94%
2011 Algeria Algiers
93%
1977 Netherlands Amsterdam
93%
1904 Greece Athens
93%
1896 Hungary Budapest
93%
1987 Egypt Cairo
93%
1971 Germany Munich
93%
1974 Czech Republic Prague
93%
1955 Italy Rome
93%
1974 Brazil Sao Paulo
93%
1974 South Korea Seoul
93%
1999 Iran Tehran
93%
1954 Canada Toronto
93%
1924 Spain Barcelona
92%
2002 Denmark Copenhagen
92%
2002 India Delhi
92%
1982 Finland Helsinki
92%
1959 Portugal Lisbon
92%
1890 United Kingdom London
92%
1919 Spain Madrid
92%
1969 Mexico Mexico City
92%
1964 Italy Milan
92%
1955 Russia Saint Petersburg
92%
1975 Chile Santiago
92%
1927 Japan Tokyo
92%
1985 Canada Vancouver
92%
1995 Poland Warsaw
92%
1967 Azerbaijan Baku
91%
2001 Brazil Brasilia
91%
1989 Turkey Istanbul
91%
1960 Ukraine Kiev
91%
1966 Canada Montreal
91%
1987 Singapore Singapore
91%
1998 Bulgaria Sofia
91%
2022 Bangladesh Dhaka
90%
2009 United Arab Emirates Dubai
90%
2019 Indonesia Jakarta
90%
2011 Peru Lima
90%
2014 India Mumbai
90%
1904 United States New York City
90%
1966 Norway Oslo
90%
1996 Taiwan Taipei
90%
1997 Turkey Ankara
89%
2019 Qatar Doha
89%
1912 Germany Hamburg
89%
1978 France Lyon
89%
1984 Philippines Manila
89%
1977 France Marseille
89%
2014 Panama Panama City
89%
1973 North Korea Pyongyang
89%
1993 China Shanghai
89%
1950 Sweden Stockholm
89%
1979 Romania Bucharest
88%
1968 Germany Frankfurt
88%
2023 Nigeria Lagos
88%
1990 United States Los Angeles
88%
1993 Italy Naples
88%
2023 Ecuador Quito
88%
1999 Thailand Bangkok
87%
1897 United States Chicago
87%
2019 Macau Macau
87%
1933 Japan Osaka
87%
1968 Netherlands Rotterdam
87%
2015 Ethiopia Addis Ababa
86%
1983 Venezuela Caracas
86%
1995 Malaysia Kuala Lumpur
86%
2001 Canada Ottawa
86%
2024 Saudi Arabia Riyadh
86%
2021 Vietnam Hanoi
85%
1972 United States San Francisco
85%
2006 Italy Turin
85%
2004 China Wuhan
85%
1897 United States Boston
84%
1896 United Kingdom Glasgow
84%
1988 Spain Valencia
84%
2007 Venezuela Valencia
84%
1976 United States Washington, D.C.
84%
1981 Armenia Yerevan
84%
1997 China Guangzhou
83%
2024 Vietnam Ho Chi Minh City
83%
1966 Georgia Tbilisi
83%
1984 India Kolkata
82%
1985 South Korea Busan
81%
2009 Dominican Republic Santo Domingo
81%
2011 China Xian
80%
1989 Mexico Guadalajara
79%
1984 United States Miami
79%
2009 Spain Seville
79%
1995 Colombia Medellin
78%
2020 Pakistan Lahore
77%
1907 United States Philadelphia
77%
2009 United States Seattle
77%
2024 Greece Thessaloniki
76%
1979 United States Atlanta
75%
1995 Spain Bilbao
75%
2015 India Chennai
75%
1981 Japan Kyoto
74%
2004 Puerto Rico San Juan
74%
2011 India Bangalore
73%
1994 Japan Hiroshima
73%
1983 France Lille
73%
2004 China Shenzhen
73%
1977 Uzbekistan Tashkent
73%
1986 Brazil Belo Horizonte
72%
1993 France Toulouse
72%
2011 Kazakhstan Almaty
71%
2010 China Chengdu
71%
2005 China Chongqing
71%
2000 Turkey Izmir
71%
2017 India Hyderabad
70%
1990 Italy Genoa
68%
1991 Mexico Monterrey
68%
1957 Japan Nagoya
68%
1971 Japan Sapporo
68%
1975 Ukraine Kharkiv
66%
1984 China Tianjin
66%
2019 India Ahmedabad
64%
2005 China Nanjing
64%
1972 Germany Nuremberg
63%
2017 China Xiamen
63%
1983 United States Baltimore
62%
1985 Brazil Recife
62%
2014 Spain Malaga
61%
1985 Russia Nizhny Novgorod
60%
1985 Brazil Porto Alegre
59%
2008 Switzerland Lausanne
58%
1991 Russia Yekaterinburg
58%
2013 China Harbin
57%
2014 Brazil Salvador
57%
2012 Brazil Fortaleza
56%
1981 Japan Fukuoka
56%
2015 Iran Isfahan
56%
1980 United Kingdom Newcastle
56%
1972 Japan Yokohama
56%
2012 China Hangzhou
55%
2005 Russia Kazan
55%
1955 United States Cleveland
54%
1999 South Korea Incheon
54%
1977 Japan Kobe
54%
2002 France Rennes
53%
2018 China Urumqi
53%
2022 India Pune
52%
2015 China Qingdao
51%
2024 India Agra
50%
2015 China Dalian
50%
2015 India Jaipur
50%
1986 Russia Novosibirsk
50%
1995 Ukraine Dnipro
49%
2016 China Fuzhou
48%
2014 China Changsha
46%
1997 South Korea Daegu
46%
2011 Iran Mashhad
45%
2010 China Shenyang
45%
2017 India Lucknow
44%
2013 China Zhengzhou
44%
1999 Italy Catania
43%
2016 China Hefei
43%
2012 China Kunming
43%
2006 Venezuela Maracaibo
41%
1987 Russia Samara
41%
2014 Iran Shiraz
41%
2015 Iran Tabriz
40%
2002 Turkey Bursa
39%
2008 Taiwan Kaohsiung
39%
2016 China Nanning
39%
1987 Japan Sendai
38%
2012 China Suzhou
37%
2009 Turkey Adana
36%
2014 China Ningbo
35%
2019 China Jinan
33%
2019 India Nagpur
33%
2007 Spain Palma de Mallorca
33%
2021 Taiwan Taichung
33%
2023 United States Honolulu
32%
2025 India Bhopal
30%
2013 Italy Brescia
30%
2002 China Changchun
29%
2004 South Korea Gwangju
28%
2017 China Shijiazhuang
28%
2016 China Dongguan
27%
2025 India Indore
27%
2019 China Lanzhou
27%
2020 China Taiyuan
27%
2006 South Korea Daejeon
24%
2021 India Kanpur
24%
2010 China Foshan
22%
2017 China Guiyang
22%
2019 China Hohhot
22%
2017 India Kochi
22%
2021 China Luoyang
22%
2025 India Patna
22%
2014 China Wuxi
22%
2015 China Nanchang
20%
2018 Indonesia Palembang
18%
2003 Japan Naha
16%
2019 China Xuzhou
16%
2019 China Changzhou
15%
2022 China Nantong
14%
2021 China Wuhu
11%
2023 Iran Karaj
9%
2023 India Navi Mumbai
9%
2019 India Noida
8%
2021 China Shaoxing
7%
2013 India Gurgaon
6%
No matching quizzes found
Score Distribution
Percent of People with Each Score
Percentile by Number Answered
Your Score History
You have not taken this quiz since the last reset